| 000 -LEADER |
| fixed length control field |
00293nam a22001337a 4500 |
| 008 - FIXED-LENGTH DATA ELEMENTS--GENERAL INFORMATION |
| fixed length control field |
170508b xxu||||| |||| 00| 0 eng d |
| 020 ## - INTERNATIONAL STANDARD BOOK NUMBER |
| International Standard Book Number |
9780155058392 |
| 041 ## - LANGUAGE CODE |
| Language code of text/sound track or separate title |
eng |
| 080 ## - UNIVERSAL DECIMAL CLASSIFICATION NUMBER |
| Edition identifier |
3RD |
| Universal Decimal Classification number |
34 |
| 100 ## - Rafti |
| Rafti |
15 |
| 101 ## - Shkurtesa |
| Shkurtesa |
SHJ |
| 245 ## - TITLE STATEMENT |
| Title |
JUDICIAL PROCESS |
| Statement of responsibility, etc |
NEUBAUER, D.W |
| 942 ## - ADDED ENTRY ELEMENTS (KOHA) |
| Source of classification or shelving scheme |
|
| Item type |
Books |